LEADER 01200nam a2200277 u 4500 001 000000052355 003 CaOOAMICUS 005 20070226115435.0 008 001016s1928 it ch u000 u ita u 035 $a10858282 040 $aPUL(R)$bita 100 1 $aRosmini Serbati, Antonio,$cI.D.C.,$d1797-1855.$0(OLS)http://pul/name/586 245 10$aPrincipi della scienza morale /$cAntonio Rosmini ; a cura di Carlo Caviglione. 260 $aTorino :$bParavia,$c1928. 300 $alxxix, 151 p., 2 c. di tav. :$bill., facs. ;$c19 cm 490 1 $aPiccola biblioteca di filosofia e pedagogia 504 $aComprende indicazioni bibliografiche. 650 4$aEtica.$0(OLS)http://pul/subject/547 700 1 $aCaviglione, Carlo.$0(OLS)http://pul/name/37416 830 0$aPiccola biblioteca di filosofia e pedagogia.$0(OLS)http://pul/title/68545 850 $aPUL 852 $aPUL$W1$xDP1 Fondo Ciprotti$y59$m1545 F 38$j69254$nBK-PRI$b $qFondi$B69254$CPULBib$Z2$F69254 $H $81 941 1 $a1 961 $aINV: Fondo Ciprotti 996 $6245$aPrincipi della scienza morale$9(OLS)http://pul/title/55644 996 $6260$aTorino :$bParavia$9(OLS)http://pul/publisher/52077 LEADER 01795nam a2200361 u 4500 001 000000016892 003 CaOOAMICUS 005 20170519105938.0 008 941010s1975 it u000 u ita u 032 $aLibriCat 035 $a10395458 040 $aPUL(R)$bita 100 1 $aRosmini Serbati, Antonio,$cI.D.C.,$d1797-1855.$0(OLS)http://pul/name/586 245 10$aStoria dell'amore ricavata dalle Divine Scritture /$cAntonio Rosmini ; a cura di Rinaldo Orecchia. 260 $aPadova :$bCEDAM,$c1975. 300 $ax [1] 210 [1] p. ;$c25 cm 490 1 $aOpere edite e inedite di Antonio Rosmini-Serbati ;$v47 500 $aContiene indice dei luoghi della Sacra Scrittura. 500 $aNell'occhietto: Edizione nazionale delle opere edite e inedite di Antonio Rosmini promossa dall?Istituto di studi filosofici e dal Centro internazionale di studi umanistici diretta da Enrico Castelli. 650 4$aSpiritualità.$0(OLS)http://pul/subject/843 650 4$aAmore.$0(OLS)http://pul/subject/6902 700 1 $aCastelli, Enrico,$cconte,$d1900-1977.$0(OLS)http://pul/name/669 700 1 $aOrecchia, Rinaldo.$0(OLS)http://pul/name/5773 710 2 $aIstituto di studi filosofici.$0(OLS)http://pul/name/672 830 0$aOpere edite e inedite di Antonio Rosmini-Serbati (dir. E. Castelli) ;$v47.$0(OLS)http://pul/title/8196 850 $aPUL 852 $aPUL$W1$xDP2 Filosofia 1$y62$m93 B 47$j23789$nBK-PRI$b $qStampati$B23789$CPULBib$Z2$F23789 $81 941 1 $a8 961 $aINV: 42352 983 0$aEdizione nazionale delle opere edite e inedite di Antonio Rosmini Serbati. 996 $6245$aStoria dell'amore ricavata dalle Divine Scritture$9(OLS)http://pul/title/24132 996 $6260$aPadova :$bCEDAM$9(OLS)http://pul/publisher/48126 LEADER 01238nam a2200289 u 4500 001 000000092016 003 CaOOAMICUS 005 20070226124907.0 008 060331s2005 gw u000 u ger u 020 $a3161485815 035 $a11084212 040 $aPUL$bita 245 00$aDeutungen des Todes Jesu im Neuen Testament /$cherausgegeben von J&Lorg Frey und Jens Schr&Loter. 260 $aTübingen :$bMohr Siebeck,$cc2005. 300 $aix, 707 p. ;$c25 cm 490 1 $aWissenschaftliche Untersuchungen zum Neuen Testament ;$v181 500 $aContiene indici. 504 $aBibliografia in nota. 700 1 $aSchröter, Jens.$0(OLS)http://pul/name/53665 700 1 $aFrey, Jörg,$d1962-$0(OLS)http://pul/name/49263 830 0$aWissenschaftliche Untersuchungen zum Neuen Testament ;$v181.$0(OLS)http://pul/title/8628 850 $aPUL 852 $aPUL$W1$xSL Religione 1$y3$m16 H 181$j115798$nBK-PRI$b $qStampati$B115798$CPULBib$Z2$F115798 $HPUL100314 $81 941 1 $a8 996 $6020$a3161485815$9(OLS)http://pul/number/120699 996 $6245$aDeutungen des Todes Jesu im Neuen Testament$9(OLS)http://pul/title/118782 996 $6260$aTübingen :$bMohr Siebeck$9(OLS)http://pul/publisher/52004 LEADER 01287nam a2200301 a 4500 001 000000168268 003 CaOOAMICUS 005 20180614161838.0 008 180614s1975 it 000 u ita r 032 $aLibriCat 040 $aPul$bita 041 $aita$hspa 100 1 $aGrinberg, León.$0(OLS)http://pul/name/13174 240 10$aIntroduccion a las ideas de Bion.$lItaliano.$0(OLS)http://pul/title/208540 245 10$aIntroduzione al pensiero di Bion /$cLeon Grinberg, Dario Sor, Elizabeth Tabak de Bianchedi . 260 $aRoma :$bArmando Armando,$c©1975. 300 $a147 p. ; $c22 cm. 490 1 $aNuova serie di psicoanalisi ;$v19 600 14$aBion, Wilfred$xPsicoanalisi.$0(OLS)http://pul/subject/20050 700 1 $aSor, Darío.$0(OLS)http://pul/name/50149 700 1 $aTabak de Bianchedi, Elizabeth.$0(OLS)http://pul/name/50150 830 0$aNuova serie di psicoanalisi ;$v19.$0(OLS)http://pul/title/208538 850 $aPUL 852 $aPUL$W1$xDP1 Fondo Dalla Palma$y117$m7 A 98$j158877$qFondi$B196150$CPULBib$Z2$F196150 $HDal2666 $81 941 1 $a1 996 $6245$aIntroduzione al pensiero di Bion$9(OLS)http://pul/title/99091 996 $6260$aRoma :$bArmando Armando$9(OLS)http://pul/publisher/59532